Home States of U.S. Vice Presidents - Statistics

General Stats
  • This quiz has been taken 23 times
  • The average score is 17 of 23
Answer Stats
Hint Answer % Correct
Delaware (1) Biden
100%
New York (11) Burr | G. Clinton | Tompkins | Van Buren | Fillmore | Wheeler | Arthur | Morton | T. Roosevelt | J. Sherman | Rockefeller
100%
Texas (3) Garner | L. Johnson | G. H. W. Bush
100%
Virginia (2) Jefferson | Tyler
100%
California (2) Nixon | Harris
100%
Wyoming (1) Cheney
94%
Tennessee (2) A. Johnson | Gore
89%
Massachusetts (4) J. Adams | Gerry | H. Wilson | Coolidge
89%
Indiana (6) Colfax | Hendricks | Fairbanks | Marshall | Quayle | Pence
83%
Michigan (1) Ford
83%
Minnesota (2) Humphrey | Mondale
83%
Missouri (1) Truman
83%
Maryland (1) Agnew
78%
Ohio (1) Vance
67%
Kansas (1) Curtis
61%
Kentucky (3) R. Johnson | Breckenridge | Barkley
61%
South Carolina (1) Calhoun
56%
Maine (1) Hamlin
56%
Iowa (1) H. Wallace
56%
Alabama (1) King
50%
Illinois (2) Stevenson | Dawes
50%
Pennsylvania (1) Dallas
44%
New Jersey (1) Hobart
39%
No matching quizzes found
Score Distribution
Percent of People with Each Score
Percentile by Number Answered
Your Score History
You have not taken this quiz